Woman to woman / (Record no. 151759)

MARC details
000 -LEADER
fixed length control field 00505nam a22001817a 4500
005 - DATE AND TIME OF LATEST TRANSACTION
control field 20180425171637.0
010 ## - LCCN (DPL NO)
LC control number ENG-122666
020 ## - INTERNATIONAL STANDARD BOOK NUMBER
International Standard Book Number 9789386702586
Terms of availability 299.00
035 ## - SYSTEM CONTROL NUMBER
System control number EN-106198
037 ## - SOURCE OF ACQUISITION
Source of stock number/acquisition DBAD/PUB
082 ## - DEWEY DECIMAL CLASSIFICATION NUMBER
Classification number S
100 ## - MAIN ENTRY--PERSONAL NAME
Personal name Liddle, Madhulika
245 ## - TITLE STATEMENT
Title Woman to woman /
Statement of responsibility, etc by Madhulika Liddle
260 ## - PUBLICATION, DISTRIBUTION, ETC. (IMPRINT)
Place of publication, distribution, etc New Delhi
Name of publisher, distributor, etc Speaking Tiger Publications
Date of publication, distribution, etc 2017
270 ## - ADDRESS
Address 4381/4, Ansari Road, Daryaganj,
City New Delhi
Postal code 110002
300 ## - PHYSICAL DESCRIPTION
Extent 175p.
Dimensions 21cm(pbk)
942 ## - ADDED ENTRY ELEMENTS (KOHA)
Source of classification or shelving scheme Dewey Decimal Classification
Item type English Books
Call number suffix LID
Classification part S
Holdings
Withdrawn status Lost status Not for loan Collection code Home library Current library Date acquired Source of acquisition Cost, normal purchase price Full call number Barcode Copy number Cost, replacement price Koha item type
      Non-fiction Shahdara Branch Shahdara Branch 26/04/2018 DBAD/PUB 299.00 S LID EN-106198 1 299.00 English Books

© Delhi Public Library
Hit Counter
free hit counter